Treasure Island.
Uloženo v:
| Hlavní autor: | |
|---|---|
| Médium: | Kniha |
| Vydáno: |
London, England:
Penguin Books,
1994.
|
| Edice: | Penguin Popular Classics
|
| Témata: | |
| Tagy: |
Přidat tag
Žádné tagy, Buďte první, kdo vytvoří štítek k tomuto záznamu!
|
MARC
| LEADER | 00000cam a2200000 a 4500 | ||
|---|---|---|---|
| 001 | UCF5111 | ||
| 003 | CL-VaPUC | ||
| 005 | 20241121125526.0 | ||
| 008 | 241111t1994 ||||| |||| 00| 0 eng d | ||
| 999 | |c 445591 |d 445589 | ||
| 020 | |a 978-0-14062-341-3 | ||
| 040 | |c Pontificia Universidad Católica de Valparaíso | ||
| 082 | 0 | 4 | |a 823 STE 1994 |2 21 |
| 100 | 0 | |a Stevenson, Robert Louis |e author |9 348874 | |
| 245 | 1 | 0 | |a Treasure Island. |
| 260 | |a London, England: |b Penguin Books, |c 1994. | ||
| 300 | |a 223 páginas. | ||
| 490 | |a Penguin Popular Classics |n 6. | ||
| 500 | |a c.1 Donación Bib Educación. Memo 2024. 8-11-24 | ||
| 583 | |a last modification |c 20130117 11:37:00 |k Catalogador Asistente | ||
| 650 | 0 | |a Novelas inglesas |9 265220 | |
| 650 | 0 | |a Literatura inglesa |9 312907 | |
| 650 | 0 | |a Aventuras |2 CL-VaPUC |9 518188 | |
| 942 | |c BK |2 ddc | ||
| 952 | |0 0 |1 0 |2 ddc |4 0 |6 823_000000000000000_STE_1994 |7 0 |8 A |9 597914 |a BIBEDU |b BIBEDU |d 2024-11-11 |e Donación |i 5663148 |l 2 |m 1 |o 823 STE 1994 |p 5663148 |r 2025-04-21 |s 2025-04-03 |t 1 |w 2024-11-11 |y BK |k LIT | ||